000 00816nam a2200241Ia 4500
003 OSt
005 20220923212916.0
006 a|||||r|||| 00| 0
007 ta
008 220922b |||||||| |||| 00| 0 hin d
024 _a156,868
037 _cTextual
040 _aARTS
_cARTS
_bhin
041 _2hin
_ahin
082 _aO152:g, L2
100 _aआनन्द, जे एच
245 0 _aआधुनिक हिन्दी साहित्य में मनुष्य की अवधारणा
246 _aĀdhunik hindī sāhitya mean hinuṣhya kī avadhāraṇā
260 _aलखनऊ
_b लखनऊ पब्लि हाउस
_c1972
300 _a88 पृ.
_ccm.
942 _hO152:g, L2
_cTEXL
_2CC
999 _c312085
_d312085